Posudzovanie vplyvov na životné prostredie : praktikum /
Uložené v:
| Hlavní autori: | , |
|---|---|
| Médium: | Kniha |
| Jazyk: | Slovak |
| Vydané: |
Zvolen :
Technická univerzita vo Zvolene, Fakulta ekológie a environmentalistiky,
2014.
|
| Vydanie: | Vyd. 1. |
| Témy: | |
| ISBN: |
9788022826549 (brož.) |
| Fyzický popis: |
128 strán ; 29 cm. |
| Tagy: |
Pridať tag
Žiadne tagy, Buďte prvý kto otaguje tento záznam!
|
Titul je dostupný aj v ... 

MARC
| LEADER | 00000nam a2200000 a 4500 | ||
|---|---|---|---|
| 001 | 000577113 | ||
| 005 | 20180626095807.0 | ||
| 008 | 141120s2014 xo ablof p 000 0 slo d | ||
| 020 | |a 9788022826549 (brož.) | ||
| 040 | |a SVKKK |b slo |c SVKKK |e AACR2 | ||
| 041 | 0 | |a slo | |
| 044 | |a xo |c SK | ||
| 072 | 7 | |a 502 |x Životné prostredie a jeho ochrana |2 konspekt | |
| 080 | |a 502/504 |2 2011 | ||
| 080 | |a 502.175 |2 2011 | ||
| 080 | |a (075.8) |2 2011 | ||
| 080 | |a (076.5) |2 2011 | ||
| 100 | 1 | |a Kočická, Erika |4 aut | |
| 245 | 1 | 0 | |a Posudzovanie vplyvov na životné prostredie : |b praktikum / |c Erika Kočická, László Miklós. |
| 250 | |a Vyd. 1. | ||
| 260 | |a Zvolen : |b Technická univerzita vo Zvolene, Fakulta ekológie a environmentalistiky, |c 2014. | ||
| 300 | |a 128 strán ; |c 29 cm. | ||
| 366 | |e 80 výtlačkov | ||
| 500 | |a Zoznam obrázkov v texte | ||
| 504 | |a Skratky: s. 5-6; bibliografia: s. 84-95 | ||
| 521 | 8 | |a Skriptum je určené študentom všetkých programov, špecializácií či odborov vysokoškolského štúsia I. a II. stupňa, ktorí absolvujú z rámci študijného plánu predmet zameraný na problematiku posudzovania vplyvov životného prostredia | |
| 650 | 0 | 7 | |a životné prostredie |2 SVKKKPH |
| 650 | 0 | 7 | |a posudzovanie vplyvov na životné prostredie |2 SVKKKPH |
| 655 | 7 | |a učebnice vysokých škôl |2 SVKKKPH | |
| 655 | 7 | |a praktické cvičenia |2 SVKKKPH | |
| 700 | 1 | |a Miklós, László, |d 1949- |4 aut | |
| 910 | |a svkkk | ||
| 919 | |a 978-80-228-2654-9 | ||
| 998 | |a BK | ||
| 090 | |g SCKHL |k Sklad Hlavná 10 prízemie |a V.237356 |j 1088286 |i 2720529049 |s Absenčne | ||